000 00975nam a22003257a 4500
001 0075
003 DO-SdBNP
005 20180216133235.0
007 0075
008 151104b2004 sp | |||| 00| 0 spa d
020 _a8434895195
040 _aBPMSU
_bspa
_cBPMSU
082 _a863.6
_bB874h 2004
092 _a
_b
100 1 0 _aBroseta, Teresa,
_d1963-
245 1 0 _a¡Hermanos hasta en la sopa! /
_cTeresa Broseta ; ilustraciones Gustavo Otero.
250 _a2a. ed.
260 _aMadrid :
_bS.M,
_c2004
300 _a141p. :
_3il. ;
_619 cm.
440 _xEl barco de vapor. [Serie naranja] ; 158)
490 1 0 _aEl barco de vapor
_anaranja
_v158
500 _aA partir de 9 años
650 _aNOVELA INFANTIL ESPAÑOLA
650 _aLITERATURA INFANTIL ESPAÑOLA
700 1 2 _aOtero, Gustavo,
_eils.
830 0 _aEl barco de vapor
_pnaranja
_n158
942 _2ddc
_cBK
945 _aInventariado, 2018 /LP
956 _a VMATEO
_b10
_c20161124
_dBPMSU
_f0069
999 _c12079
_d12079